Determinación de las necesidades hídricas de los cultivos de melón y sandía, con la implementación del riego por goteo en la finca Santa Martha, municipio de Teustepe, departamento de Boaco

Presenta la determinación de las necesidades hídricas de los cultivos de melón y sandía, con la implementación del riego por goteo en la finca Santa Martha, municipio de Teustepe, departamento de Boaco el cual presenta información socioeconómica que refleja la situación económica de los hab...

Full description

Bibliographic Details
Main Authors: Alemán Hernández, María Libertad, Espinoza Peralta, Orlando Antonio
Other Authors: Tutor: Espinoza González, Luis Gustavo
Format: Tesis Section = Libro
Language:Undetermined
Spanish
Published: Managua UNI 2004
Subjects:
LEADER 01427nam a2200289Ia 4500
008 240830s9999 xx 000 0 und d
040 |a BIBLIOTECA-RUPAP Mon 635.611 A367 
041 |a spa 
082 |a Mon 635.611 A367 
100 1 |a Alemán Hernández, María Libertad 
100 1 |b  Espinoza Peralta, Orlando Antonio 
245 1 0 |a Determinación de las necesidades hídricas de los cultivos de melón y sandía, con la implementación del riego por goteo en la finca Santa Martha, municipio de Teustepe, departamento de Boaco 
260 |a Managua  |b UNI  |c 2004 
300 |a 114 p. :il. 
500 |a Contiene: anexos. 
502 |a Tesis (Ingeniero Agrícola)- UNI, 2004. 
520 3 |a Presenta la determinación de las necesidades hídricas de los cultivos de melón y sandía, con la implementación del riego por goteo en la finca Santa Martha, municipio de Teustepe, departamento de Boaco el cual presenta información socioeconómica que refleja la situación económica de los habitantes por la falta de alternativas productivas. 
650 7 |a MELONES – CULTIVOS 
650 7 |b MELONES – SIEMBRA 
650 7 |c MELONES – ENFERMEDADES Y PLAGAS 
650 7 |d MELONES – CONTROL DE PLAGAS 
650 7 |e MELONES – ABONOS Y FERTILIZANTES 
650 7 |f MELONES – RIEGO POR ASPERSION 
700 1 |a Tutor:  |b Espinoza González, Luis Gustavo 
942 |c BK  |2 ddc 
991 |a TESIS 
999 |c 16771